000 00398nam a22001457a 4500
008 250507b |||||||| |||| 00| 0 eng d
020 _a9781544326849
050 _aJF51
_b.O78
100 _aOrvis Stephen
245 _aIntroducing Comparative Politics
260 _aLondon
_bCQ Press
_c2018
300 _axx,444p.
_billustration;
650 _aComparative Government
_vPolitical Science
942 _cBK
999 _c3352
_d3352